Application of New Approaches in Transfer Princing in Slovakia

Základné princípy metód transferového ohodnocovania. Metóda porovnania cien a metóda porovnania ziskov. Metódy transferového oceňovania podľa Finančného riaditeľstva SR a návod k ich použitiu z praxe

Na minha lista:
Detalhes bibliográficos
Autor principal: Harumová, Anna, 1955-
Formato: Capítulo de Livro
Idioma:inglês
Assuntos:
Tags: Adicionar Tag
Sem tags, seja o primeiro a adicionar uma tag!

MARC

LEADER 00000naa a2200000 4500
001 0200570
005 20240502083510.0
041 0 |a eng 
044 |a CZ 
245 1 0 |a Application of New Approaches in Transfer Princing in Slovakia  |c Anna Harumová 
520 |a Základné princípy metód transferového ohodnocovania. Metóda porovnania cien a metóda porovnania ziskov. Metódy transferového oceňovania podľa Finančného riaditeľstva SR a návod k ich použitiu z praxe 
610 2 0 |a dane 
610 2 0 |a zdaňovanie 
610 2 0 |a oceňovanie transferové 
610 2 0 |a metódy 
610 2 0 |a politika fiškálna 
100 1 |a Harumová, Anna, 1955-